00246nam a2200097Ia 4500008004100000041000800041082001200049100001600061245003300077260003800110230511s1983 xx 000 0 und d aeng a348.041 aThakare D K aThe Bombay Law Repoter LXV  aMumbaibBombay Law Reporterc1983